000 00655nam a2200229 i 4500
001 36779
003 ES-MaACL
005 20250829112149.0
007 t|
008 030219s1971 sp ||||1| spa d
100 1 _aBouthoul, Gaston.
_931059
245 1 4 _aLas mentalidades /
_cpor Gaston Bouthoul ; [traducción de A. Artis].
250 _a1ª ed.
260 _aBarcelona, etc. :
_bOikos-Tau,
_c[1971]
300 _a127 p. ;
_c18 cm.
490 1 _a¿Qué sé? ;
_v21
650 0 4 _aEtnopsicología.
_912602
700 1 _aArtis, A.
_923488
830 0 _a¿Qué sé?
_v21
_9181382
852 _aES-MaACL
_jC-42027
999 _c36779
_d36779